Quel est ce monument français ? #1 - Statistiques

Statistiques générales
  • Ce quiz a été pris 122 fois
  • Le résultat moyen est 5 sur 10
Statistiques - réponses
Description Monuments % Correct
Cette cathédrale située dans la capitale est un chef-d’œuvre de l’art gothiques, célèbre pour ses gargouilles et son grand orgue. Cathédrale Notre-Dame de Paris
98%
Ce monument parisien, construit pour l’Exposition Universelle de 1889, est le plus célèbre symbole de la France. Tour Eiffel
97%
Située sur une île rocheuse en Normandie, cette abbaye médiévale est l’un des lieux les plus visités de France. Mont-Saint-Michel
84%
Ce monument militaire à Paris honore les soldats morts pour la France et abrite la flamme éternelle sous sa voûte. Arc de Triomphe
83%
Ce château de la Loire est célèbre pour son architecture Renaissance et ses jardins à la française. Il est entouré par un vaste domaine forestier. Château de Chambord
74%
Cet amphithéâtre romain, situé dans le Sud de la France, est encore utilisé aujourd’hui pour des spectacles et concerts. Arènes de Nîmes
42%
Ce pont d’Avignon, immortalisé dans une célèbre chanson, est partiellement détruit mais reste un symbole de la ville. Pont Saint-Bénézet (Pont d’Avignon)
30%
Ce musée moderne à Paris est connu pour son architecture audacieuse et ses expositions d’art contemporain. Centre Pompidou
29%
Ce palais situé sur la Côte d’Azur est le lieu officiel de résidence d’un prince célèbre. Palais princier de Monaco
3%
Situé à Lyon, ce théâtre antique est encore utilisé pour des événements comme les Nuits de Fourvière. Théâtre antique de Fourvière
2%
Aucun quiz correspondant
Distribution des résultats
% des personnes avec chaque résultat
Percentile par nombre de réponses
Votre historique - résultats
Vous n’avez pas pris ce quiz